00365cam a2200157ua 4500020001200000041001000012082001900022100001600041245005300057260004200110300001200152365001200164504000500176942000700181999001900188 cRs 2.25 ahinh a891.43bDEV/RA aDevraj, T . aRatt aur pathar / cT Devraj.hTextual Documents aDelhi : bRajkamal Parkaran , c1990. a138 ; . aRs 2.25 a cBK c330155d330155